000 01520cam a2200325 i 4500
001 4097
003 FISKH
005 20240606145743.0
008 171114s2018 nyu 000 1 eng
010 _a 2017051173
020 _a9780393635522 (hardcover)
040 _aDLC
_beng
_erda
_cDLC
_dDLC
042 _apcc
050 0 0 _aPS3566.O92
_bO94 2018
082 0 0 _a813/.54
_223
100 1 _aPowers, Richard
_d1957-
_eauthor.
245 1 4 _aThe overstory :
_ba novel /
_cRichard Powers.
250 _aFirst edition.
264 1 _aLondon :
_bPenguin,
_c2018
300 _a502 pages ;
_c25 cm
336 _atext
_btxt
_2rdacontent
337 _aunmediated
_bn
_2rdamedia
338 _avolume
_bnc
_2rdacarrier
520 _a"The Overstory is a novel by Richard Powers published in 2018 by W. W. Norton & Company. It is Powers' twelfth novel. The book is about nine Americans whose unique life experiences with trees bring them together to address the destruction of forests. Powers was inspired to write the work while teaching at Stanford University, after he encountered giant redwood trees for the first time." -- Wikipedia
561 _5DLC
710 2 _aGene Berry and Jeffrey Campbell Collection (Library of Congress)
_5DLC
906 _a7
_bcbc
_corignew
_d1
_eecip
_f20
_gy-gencatlg
942 _2ddc
_cBK
_n0
999 _c4097
_d4097